000 00487nam a2200193 a 4500
001 1770813380074
003 YourLibrary
005 20260211180753.0
008 260211s2004##################000#0#eng##
020 _a9780060090555
082 0 4 _a306.7089
_bJON
100 1 _aJones, Charisse,
_eauthor.
245 1 0 _aShifting :
260 _bHarper Perennial,
_c2004.
300 _a368 pages
650 0 _aSocial Science.
942 _cENGLISH
040 _aYourLibrary
_beng
_cYourLibrary
999 _c611885
_d611885